| 000 | 01322cam a2200193 i 4500 | ||
|---|---|---|---|
| 020 | _a041573634X (paperback) | ||
| 082 | 0 | 0 |
_a306.094 1 _bADA/A |
| 100 | 1 | _aAdam Kuper | |
| 245 | 1 | 0 |
_aAnthropology and anthropologists: _bthe British school in the twentieth century/ _cby Adam Kuper |
| 250 | _aFourth edition. | ||
| 260 |
_a _b _c |
||
| 300 |
_axvi, 152 pages : _billustrations ; |
||
| 520 | _a"Anthropology and Anthropologists provides an entertaining and provocative account of British social anthropology from the foundations of the discipline, through the glory years of the mid-twentieth century and on to the transformation in recent decades. The book shocked the anthropological establishment on first publication in 1973 but soon established itself as one of the introductions for students of anthropology. Forty years later, this now classic work has been radically revised. Adam Kuper situates the leading actors in their historical and institutional context, probes their rivalries, revisits their debates, and reviews their key ethnographies. Drawing on recent scholarship he shows how the discipline was shaped by the colonial setting and by developments in the social sciences"-- | ||
| 650 | 0 | _aEthnologists | |
| 650 | 0 | _aEthnology | |
| 650 | 0 | _aAnthropology | |
| 650 | 0 | _aSocial Sciences | |
| 942 | _cBK | ||
| 999 |
_c57309 _d57309 |
||